13 entrevistas a 13 poemas colombianos [& una conversación imaginaria] / (Registro nro. 35544)
[ vista simple ]
| 000 -CABECERA | |
|---|---|
| Longitud fija campo de control | 01169nam a2200301 a 4500 |
| 003 - • IDENTIFICADOR DELl NÚMERO DE CONTROL | |
| Identificador del número de control | CO-ViMGA |
| 005 - • FECHA Y HORA DE LA ÚLTIMA TRANSACCIÓN | |
| Fecha y hora de la última transacción | 20230915233133.0 |
| 008 - • CÓDIGOS DE INFORMACIÓN DE LONGITUD FIJA | |
| Códigos de información de longitud fija | 150219s2014 ck gr 0001p spa d |
| 020 ## - • NÚMERO INTERNACIONAL NORMALIZADO PARA LIBROS | |
| Número Internacional Normalizado para Libros (ISBN) | 9789585833814 |
| 040 ## - FUENTE DE LA CATALOGACIÓN | |
| Centro catalogador de origen | CO-ViMGA |
| Lengua de catalogación | spa |
| Centro transcriptor | CO-ViMGA |
| 043 ## - CÓDIGO DE ÁREA GEOGRÁFICA | |
| Código de área geográfica | s-ck--- |
| 082 04 - • NÚMERO DE LA CLASIFICACIÓN DECIMAL DEWEY | |
| Número de clasificación (R) | 928 |
| Número del ítem | Q84t1 |
| Número de edición | 19 |
| 100 1# - • PUNTO DE ACCESO PRINCIPAL-NOMBRE DE PERSONA | |
| Nombre de persona | Quintero Ossa, Róbinson, |
| Fechas asociadas al nombre | 1959- |
| 240 10 - • TÍTULO UNIFORME | |
| Título uniforme | <a href="Antioquia-Bibliografía regional">Antioquia-Bibliografía regional</a> |
| 245 10 - • TITULO PROPIAMENTE DICHO | |
| Título | 13 entrevistas a 13 poemas colombianos [& una conversación imaginaria] / |
| Mención de responsabilidad, etc. | Robinson Quintero Ossa. |
| 246 30 - • VARIANTES DE TÍTULO | |
| Título propio / Título en breve | Trece entrevistas a trece poemas colombianos [y una conversación imaginaria] |
| 250 ## - • MENCIÓN DE EDICIÓN | |
| Mención de edición | Segunda edición / |
| Resto de la mención de edición | edición Luz Eugenia Sierra. |
| 300 ## - • DESCRIPCIÓN FÍSICA | |
| Extensión | 234 páginas ; |
| Dimensiones | 20 cm. |
| 600 14 - • PUNTO DE ACCESO ADICIONAL DE MATERIA - NOMBRE DE PERSONA | |
| Nombre de persona | Quintero Ossa, Róbinson, |
| Fechas asociadas al nombre | 1959- |
| Subdivisión de forma (R ) | Entrevistas. |
| 650 14 - • PUNTO DE ACCESO ADICIONAL DE MATERIA - TÉRMINO DE MATERIA | |
| Término de materia o nombre geográfico como elemento inicial | Imaginación. |
| 650 14 - • PUNTO DE ACCESO ADICIONAL DE MATERIA - TÉRMINO DE MATERIA | |
| Término de materia o nombre geográfico como elemento inicial | Poesía colombiana. |
| 650 14 - • PUNTO DE ACCESO ADICIONAL DE MATERIA - TÉRMINO DE MATERIA | |
| Término de materia o nombre geográfico como elemento inicial | Poesía colombiana |
| Subdivisión de materia general | Historia y crítica. |
| 650 14 - • PUNTO DE ACCESO ADICIONAL DE MATERIA - TÉRMINO DE MATERIA | |
| Término de materia o nombre geográfico como elemento inicial | Poetas colombianos |
| Subdivisión de materia general | Crítica e interpretación. |
| 700 1# - • PUNTO DE ACCESO ADICIONAL - NOMBRE DE PERSONA | |
| Nombre de persona | Sierra, Luz Eugenia, |
| Término indicativo de función | editora. |
| 942 ## - ENTRADA DE ELEMENTOS AGREGADOS (KOHA) | |
| Fuente de clasificaión o esquema | Dewey Decimal Classification |
| Koha [por defecto] tipo de item | LIbro |
| Perdido | Fuente de clasificación o esquema | Estado Físico | No para préstamo | Forma de adquisición | Localización permanente | Localización actual | Fecha adquisición | Préstamos totales | Renovaciones totales | Signatura completa | Código de barras | Fecha última consulta | Fecha último préstamo | Número de copia | Fecha del precio de reemplazo | Tipo de item de Koha | Localización en estanterías | Note pública |
|---|---|---|---|---|---|---|---|---|---|---|---|---|---|---|---|---|---|---|
| Sala General | Biblioteca Pública Departamental Eduardo Carranza - Villavicencio | Biblioteca Pública Departamental Eduardo Carranza - Villavicencio | 02/23/2016 | 928 Q83t | ECA24714 | 11/26/2024 | Ej.1 | 11/26/2024 | LIbro | General | 18598 | 23762 | |||||||
| Dewey Decimal Classification | Sala General Segundo Piso | Biblioteca Pública Germán Arciniegas - Villavicencio | Biblioteca Pública Germán Arciniegas - Villavicencio | 06/22/2016 | 1 | 3 | 928 Q84t1 | 30140 | 12/12/2016 | 11/08/2016 | Ej. 1 | 06/22/2016 | LIbro |